000 00658nam a2200253Ia 4500
003 OSt
005 20221006143844.0
006 a|||||r|||| 00| 0
007 ta
008 221006b |||||||| |||| 00| 0 eng d
020 _c
_4.25
024 _a10,190
037 _cTextual
040 _aEASL
_cEASL
_beng
041 _2eng
_aeng
082 _aW, K6
100 _aLITT Edgar
_9650556
245 0 _aPolitical imagination
_b Dialogues in politics and political behaviour
260 _aIllinois
_bScott,Foresman
_c1966
300 _a532p.
_ccm.
490 _v Oth
942 _hW, K6
_cTEXL
_2CC
999 _c1078276
_d1078276